|
|
|
|
| LEADER |
00000 a a2200000 04500 |
| 001 |
33987 |
| 003 |
cru CIDCACS/IIS |
| 005 |
20190626103655.0 |
| 008 |
190626b2005 CR ||||| |||| 00| 0 spa d |
| 999 |
|
|
|c 5005
|d 5005
|
| 020 |
|
|
|a 99939 72 07 X
|
| 040 |
|
|
|c cru CIDCACS/IIS
|
| 090 |
|
|
|a 14..07.01 P164d
|
| 100 |
|
|
|a Palma C., Silvia Irene
|
| 245 |
|
|
|a Crónicas de amor:
|b El sentido del amor en la mujer que tiene al hombre de su vida en Estados Unidos/
|c Silvia Irene Palma C.
|
| 260 |
|
|
|a Guatemala
|b FLACSO
|c 2005
|
| 300 |
|
|
|a páginas 187-249
|
| 650 |
|
|
|a RELACIONES DE GENERO
|
| 650 |
|
|
|a MIGRACION RURAL
|
| 650 |
|
|
|a GUATEMALA
|
| 942 |
|
|
|2 ddc
|c LI
|